<?xml version="1.0" encoding="UTF-8"?>
<record
    xmlns:xsi="http://www.w3.org/2001/XMLSchema-instance"
    xsi:schemaLocation="http://www.loc.gov/MARC21/slim http://www.loc.gov/standards/marcxml/schema/MARC21slim.xsd"
    xmlns="http://www.loc.gov/MARC21/slim">

  <leader>00550nam a22001337a 4500</leader>
  <datafield tag="040" ind1=" " ind2=" ">
    <subfield code="c">RUA</subfield>
  </datafield>
  <datafield tag="082" ind1=" " ind2=" ">
    <subfield code="a">AGR LY 2009 B042 Or.1</subfield>
  </datafield>
  <datafield tag="100" ind1=" " ind2=" ">
    <subfield code="a">LY, TYNETH.</subfield>
  </datafield>
  <datafield tag="245" ind1=" " ind2=" ">
    <subfield code="a">strategies to increase secondary crops in cambodia ( &#x1799;&#x17BB;&#x1791;&#x17D2;&#x1792;&#x179F;&#x17B6;&#x179F;&#x17D2;&#x179A;&#x17D2;&#x178F;&#x1787;&#x17C6;&#x179A;&#x17BB;&#x1789;&#x178A;&#x17C6;&#x178E;&#x17B6;&#x17C6;&#x179A;&#x17BD;&#x1798;&#x1795;&#x17D2;&#x179F;&#x17C6;&#x1793;&#x17C5;&#x1780;&#x17D2;&#x1793;&#x17BB;&#x1784;&#x1794;&#x17D2;&#x179A;&#x1791;&#x17C1;&#x179F;&#x1780;&#x1798;&#x17D2;&#x1796;&#x17BB;&#x1787;&#x17B6;)</subfield>
  </datafield>
  <datafield tag="260" ind1=" " ind2=" ">
    <subfield code="a">Phnom Penh</subfield>
    <subfield code="b">RUA</subfield>
    <subfield code="c">2009</subfield>
  </datafield>
  <datafield tag="300" ind1=" " ind2=" ">
    <subfield code="a">xv, 86p.</subfield>
    <subfield code="b">ill.</subfield>
    <subfield code="c">29cm.</subfield>
  </datafield>
  <datafield tag="856" ind1=" " ind2=" ">
    <subfield code="u">https://drive.google.com/file/d/1pwCil7hlxxNQ0nbNNTY_ZF1vELf997ol/view?usp=sharing</subfield>
  </datafield>
  <datafield tag="942" ind1=" " ind2=" ">
    <subfield code="c">AGR</subfield>
  </datafield>
  <datafield tag="999" ind1=" " ind2=" ">
    <subfield code="c">958</subfield>
    <subfield code="d">958</subfield>
  </datafield>
  <datafield tag="952" ind1=" " ind2=" ">
    <subfield code="0">0</subfield>
    <subfield code="1">0</subfield>
    <subfield code="2">ddc</subfield>
    <subfield code="4">0</subfield>
    <subfield code="6">AGR_LY_2009_000000000000000_B042_OR_1</subfield>
    <subfield code="7">0</subfield>
    <subfield code="9">3949</subfield>
    <subfield code="a">LBB</subfield>
    <subfield code="b">LBB</subfield>
    <subfield code="c">B042</subfield>
    <subfield code="d">2015-09-21</subfield>
    <subfield code="o">AGR LY 2009 B042 Or.1</subfield>
    <subfield code="p">RUA000360</subfield>
    <subfield code="r">2015-09-21</subfield>
    <subfield code="w">2015-09-21</subfield>
    <subfield code="y">AGR</subfield>
  </datafield>
  <datafield tag="952" ind1=" " ind2=" ">
    <subfield code="0">0</subfield>
    <subfield code="1">0</subfield>
    <subfield code="2">ddc</subfield>
    <subfield code="4">0</subfield>
    <subfield code="6">AGR_LY_2009_000000000000000_B042_OR_2</subfield>
    <subfield code="7">0</subfield>
    <subfield code="9">3950</subfield>
    <subfield code="a">LBB</subfield>
    <subfield code="b">LBB</subfield>
    <subfield code="c">B042</subfield>
    <subfield code="d">2015-09-21</subfield>
    <subfield code="o">AGR LY 2009 B042 Or.2</subfield>
    <subfield code="p">RUA000799</subfield>
    <subfield code="r">2015-09-21</subfield>
    <subfield code="w">2015-09-21</subfield>
    <subfield code="y">AGR</subfield>
  </datafield>
  <datafield tag="952" ind1=" " ind2=" ">
    <subfield code="0">0</subfield>
    <subfield code="1">0</subfield>
    <subfield code="2">ddc</subfield>
    <subfield code="4">0</subfield>
    <subfield code="6">AGR_LY_2009_000000000000000_B042_OR_3</subfield>
    <subfield code="7">0</subfield>
    <subfield code="9">3951</subfield>
    <subfield code="a">LBB</subfield>
    <subfield code="b">LBB</subfield>
    <subfield code="c">B042</subfield>
    <subfield code="d">2015-09-21</subfield>
    <subfield code="o">AGR LY 2009 B042 Or.3</subfield>
    <subfield code="p">RUA000073</subfield>
    <subfield code="r">2015-09-21</subfield>
    <subfield code="w">2015-09-21</subfield>
    <subfield code="y">AGR</subfield>
  </datafield>
  <datafield tag="952" ind1=" " ind2=" ">
    <subfield code="0">0</subfield>
    <subfield code="1">0</subfield>
    <subfield code="2">ddc</subfield>
    <subfield code="4">0</subfield>
    <subfield code="6">AGR_LY_2009_000000000000000_B042_OR_4</subfield>
    <subfield code="7">0</subfield>
    <subfield code="9">3952</subfield>
    <subfield code="a">LBB</subfield>
    <subfield code="b">LBB</subfield>
    <subfield code="c">B042</subfield>
    <subfield code="d">2015-09-21</subfield>
    <subfield code="o">AGR LY 2009 B042 Or.4</subfield>
    <subfield code="p">RUA000001</subfield>
    <subfield code="r">2015-09-21</subfield>
    <subfield code="w">2015-09-21</subfield>
    <subfield code="y">AGR</subfield>
  </datafield>
  <datafield tag="952" ind1=" " ind2=" ">
    <subfield code="0">0</subfield>
    <subfield code="1">0</subfield>
    <subfield code="2">ddc</subfield>
    <subfield code="4">0</subfield>
    <subfield code="6">AGR_LY_2009_000000000000000_B042_OR_5</subfield>
    <subfield code="7">0</subfield>
    <subfield code="9">3953</subfield>
    <subfield code="a">LBB</subfield>
    <subfield code="b">LBB</subfield>
    <subfield code="c">B042</subfield>
    <subfield code="d">2015-09-21</subfield>
    <subfield code="l">1</subfield>
    <subfield code="o">AGR LY 2009 B042 Or.5</subfield>
    <subfield code="p">RUA000359</subfield>
    <subfield code="r">2016-07-08</subfield>
    <subfield code="s">2016-06-26</subfield>
    <subfield code="w">2015-09-21</subfield>
    <subfield code="y">AGR</subfield>
  </datafield>
  <datafield tag="952" ind1=" " ind2=" ">
    <subfield code="0">0</subfield>
    <subfield code="1">0</subfield>
    <subfield code="2">ddc</subfield>
    <subfield code="4">0</subfield>
    <subfield code="6">AGR_LY_2009_000000000000000_B042_OR_6</subfield>
    <subfield code="7">0</subfield>
    <subfield code="9">3954</subfield>
    <subfield code="a">LBB</subfield>
    <subfield code="b">LBB</subfield>
    <subfield code="c">B042</subfield>
    <subfield code="d">2015-09-21</subfield>
    <subfield code="o">AGR LY 2009 B042 Or.6</subfield>
    <subfield code="p">RUA000074</subfield>
    <subfield code="r">2015-09-21</subfield>
    <subfield code="w">2015-09-21</subfield>
    <subfield code="y">AGR</subfield>
  </datafield>
  <datafield tag="952" ind1=" " ind2=" ">
    <subfield code="0">0</subfield>
    <subfield code="1">0</subfield>
    <subfield code="2">ddc</subfield>
    <subfield code="4">0</subfield>
    <subfield code="6">AGR_LY_2009_000000000000000_B042_OR_7</subfield>
    <subfield code="7">0</subfield>
    <subfield code="9">5007</subfield>
    <subfield code="a">LBB</subfield>
    <subfield code="b">LBB</subfield>
    <subfield code="c">B042</subfield>
    <subfield code="d">2015-09-24</subfield>
    <subfield code="o">AGR LY 2009 B042 Or.7</subfield>
    <subfield code="p">RUA008340</subfield>
    <subfield code="r">2015-09-24</subfield>
    <subfield code="w">2015-09-24</subfield>
    <subfield code="y">AGR</subfield>
  </datafield>
  <datafield tag="952" ind1=" " ind2=" ">
    <subfield code="0">0</subfield>
    <subfield code="1">0</subfield>
    <subfield code="2">ddc</subfield>
    <subfield code="4">0</subfield>
    <subfield code="6">AGR_LY_2009_000000000000000_B1_214_OR_1</subfield>
    <subfield code="7">0</subfield>
    <subfield code="9">77686</subfield>
    <subfield code="a">LBB</subfield>
    <subfield code="b">LBB</subfield>
    <subfield code="c">B1.214</subfield>
    <subfield code="d">2019-01-22</subfield>
    <subfield code="o">AGR LY 2009 B1.214 Or.1</subfield>
    <subfield code="p">A35730</subfield>
    <subfield code="r">2019-01-22</subfield>
    <subfield code="w">2019-01-22</subfield>
    <subfield code="y">AGR</subfield>
  </datafield>
  <datafield tag="952" ind1=" " ind2=" ">
    <subfield code="0">0</subfield>
    <subfield code="1">0</subfield>
    <subfield code="2">ddc</subfield>
    <subfield code="4">0</subfield>
    <subfield code="6">AGR_LY_2009_000000000000000_B1_214_OR_2</subfield>
    <subfield code="7">0</subfield>
    <subfield code="9">77696</subfield>
    <subfield code="a">LBB</subfield>
    <subfield code="b">LBB</subfield>
    <subfield code="c">B1.214</subfield>
    <subfield code="d">2019-01-22</subfield>
    <subfield code="o">AGR LY 2009 B1.214 Or.2</subfield>
    <subfield code="p">A36620</subfield>
    <subfield code="r">2019-01-22</subfield>
    <subfield code="w">2019-01-22</subfield>
    <subfield code="y">AGR</subfield>
  </datafield>
</record>
